| 000 | 00881pam a22002892 4500 | ||
|---|---|---|---|
| 001 | 52221 | ||
| 003 | BD-RJUL | ||
| 005 | 20211209075753.0 | ||
| 008 | 160907s1976 nyua 001 0 eng | ||
| 020 | _a0070043779 | ||
| 035 | _aBD-RJUL 52341 | ||
| 040 |
_aDLC _cDLC _dEQO _beng |
||
| 041 | _aeng | ||
| 082 |
_a530 _bBES 1976 |
||
| 100 | 1 |
_aBeiser, Arthur. _9116982 |
|
| 245 | 1 | 0 |
_aSchaum's outline of theory and problems of applied physics / _cby Arthur Beiser. |
| 260 |
_aNew York : _bMcGraw-Hill, _cc1976. |
||
| 300 |
_a273 p. : _bill. ; _c28 cm. |
||
| 490 | 0 | _aSchaum's outline series | |
| 490 | 1 | _aSchaum's vocational and technical series | |
| 500 | _aIncludes index. | ||
| 650 | 0 |
_aPhysics. _9156219 |
|
| 740 | 0 | 1 | _aTheory and problems of applied physics. |
| 830 | 0 |
_aSchaum's vocational and technical series _9156220 |
|
| 942 |
_2ddc _cBK |
||
| 999 |
_c52221 _d52221 |
||